000 01725nam a22002057a 4500
005 20220427113824.0
008 211217b ||||| |||| 00| 0 eng d
020 _a9781542094085
040 _cAL
041 _aeng
082 _223
_a820.33
_bBHAF
100 _aChetan Bhagat
_911763
245 _aFour hundred days
260 _aSeattle
_bWestland
_c2021
300 _a344p.
_bPB
_c 19.5x13cm
365 _2General
_aMLSH21CRB209
_b₹200.00
_c
_d₹250.00
_e20%
_f16-12-2021
520 _a12-year-old Siya has been missing nine months. It’s a cold case, but Keshav wants to help her mother, Alia, who refuses to give up. Welcome to 400 Days―a mystery and romance story like no other. ‘My daughter Siya was kidnapped. Nine months ago,’ Alia said. The police had given up. They called it a cold case. Even the rest of her family had stopped searching. Alia wouldn’t stop looking, though. She wanted to know if I could help her. Hi, I am Keshav Rajpurohit and I am a disappointment to everyone around me. I live with my parents, who keep telling me how I should a) get married, b) focus on my IPS exams, c) meet more people and d) close my detective agency. But Alia Arora, neighbor and ex-model, wanted my help. And I couldn’t take my eyes off her face … I mean, her case. Welcome to 400 Days. A mystery and romance story like none other. An unputdownable tale of suspense, human relationships, love, friendship, the crazy world we live in and, above all, a mother’s determination to never give up. From India’s highest-selling author comes a page-turner that will not only keep you glued to the story but also touch you deeply.
650 _2Fiction
_aIndian literature
_911764
942 _2ddc
_cBK
999 _c220964
_d220964